| 000 -LEADER |
| fixed length control field |
00817nam a22002057a 4500 |
| 001 - CONTROL NUMBER |
| control field |
12493 |
| 003 - CONTROL NUMBER IDENTIFIER |
| control field |
BD-DhUAP |
| 005 - DATE AND TIME OF LATEST TRANSACTION |
| control field |
20201112150046.0 |
| 008 - FIXED-LENGTH DATA ELEMENTS--GENERAL INFORMATION |
| fixed length control field |
201112s2008 bg ||||| |||| 001 0 ben d |
| 020 ## - INTERNATIONAL STANDARD BOOK NUMBER |
| International Standard Book Number |
9841106118 |
| 040 ## - CATALOGING SOURCE |
| Original cataloging agency |
BD-DhUAP |
| Language of cataloging |
Ben |
| Transcribing agency |
BD-DhUAP |
| Modifying agency |
BD-DhUAP |
| 082 ## - DEWEY DECIMAL CLASSIFICATION NUMBER |
| Edition number |
23 |
| Classification number |
840.9 KOR |
| 100 ## - MAIN ENTRY--PERSONAL NAME |
| Personal name |
মামুন, মুনতাসীর। |
| 245 ## - TITLE STATEMENT |
| Title |
সিমন দ্য বোভোয়ার : |
| Remainder of title |
জন্মশতবর্ষের স্মৃতিসম্ভার / |
| Statement of responsibility, etc. |
মাহমুদ শাহ কোরেশী। |
| 250 ## - EDITION STATEMENT |
| Edition statement |
১ম সং.। |
| 260 ## - PUBLICATION, DISTRIBUTION, ETC. |
| Place of publication, distribution, etc. |
ঢাকা : |
| Name of publisher, distributor, etc. |
আহমদ পাবলিশিং, |
| Date of publication, distribution, etc. |
c২০০৮। |
| 300 ## - PHYSICAL DESCRIPTION |
| Extent |
১৩৬ পৃষ্ঠা ; |
| Dimensions |
২২ সেমি.। |
| 650 ## - SUBJECT ADDED ENTRY--TOPICAL TERM |
| Topical term or geographic name entry element |
France literature -- History and crtticism. |
| 942 ## - ADDED ENTRY ELEMENTS (KOHA) |
| Source of classification or shelving scheme |
|
| Koha item type |
Book |